| 000 | 00688nam a2200241Ia 4500 | ||
|---|---|---|---|
| 005 | 20250425162520.0 | ||
| 008 | 250425s9999 xx 000 0 und d | ||
| 020 | _a0324003218 | ||
| 041 | _aeng | ||
| 082 | _a658.403 | ||
| 100 | _aANDERSON, DAVID R. | ||
| 245 | 0 | _aINTRODUCTION TO MANAGEMENT SCIENCE: QUANTITATIVE APPROACHES TO DECISION MAKING | |
| 250 | _a9TH ED. | ||
| 260 |
_aEstados Unidos _bSOUTH-WESTERN COLLEGE PUBLISHING _c2000 |
||
| 260 | _aS.L. | ||
| 300 | _a848 | ||
| 500 | _aDonación por Ivonne Adúm. Libro ilustrado. | ||
| 650 | _aGESTION | ||
| 650 | _aTOMA DE DECISIONES | ||
| 710 | _aSOUTH - WESTERN COLLAGE PUBLISHING | ||
| 942 | _c01 | ||
| 010 | _a80796 | ||
| 999 |
_c230794 _d230794 |
||